Capital To Country - Statistics

General Stats
  • This quiz has been taken 151 times
  • The average score is 22 of 30
Answer Stats
Capital Country % Correct
Moscow Russia
100%
Paris France
98%
Berlin Germany
98%
Delhi India
95%
Lisbon Portugal
95%
London UK
95%
Washington DC USA
93%
Bloemfontein,Cape Town,Pretoria South Africa
85%
Jakarta Indonesia
83%
Amman Jordan
83%
Islamabad Pakistan
83%
Pyongyang North Korea
80%
Doha Qatar
80%
Baku Azerbaijan
78%
Nicosia Cyprus
78%
Tbilisi Georgia
78%
Valletta Malta
78%
Port-Au-prince Haiti
71%
Sana’a Yemen
68%
Vientiane Laos
66%
Tashkent Uzbekistan
66%
Khartoum Sudan
63%
Dili East Timor
59%
Paramaribo Suriname
59%
Manama Bahrain
54%
Castries St. lucia
51%
Moroni Comoros
49%
Nouakchott Mauritania
46%
Ngerulmud Palau
39%
Bangui CAR
24%
No matching quizzes found
Score Distribution
Percent of People with Each Score
Percentile by Number Answered
Your Score History
You have not taken this quiz